| 000 | 00515nam a2200181Ia 4500 | ||
|---|---|---|---|
| 005 | 20250326141646.0 | ||
| 008 | 250326s9999 xx 000 0 und d | ||
| 037 | _aTextbook | ||
| 040 |
_aFMSL _beng _cFMSL |
||
| 041 |
_aeng _2eng |
||
| 084 |
_aX:5N88r M8 _qFMSL |
||
| 100 | _aGATT | ||
| 245 | 0 |
_aReview of developments in the trading systems oct. 1987-March 1988 _cGATT |
|
| 260 |
_aNew Delhi _bNew Delhi, GATT _c1988 |
||
| 300 | _a206p | ||
| 942 |
_cTB _hX:5N88r M8 |
||
| 999 |
_c1291356 _d1291356 |
||